| 000 | 00000nam##2200000za#4500 |
| 001 | 9.691343 |
| 003 | CaOODSP |
| 005 | 20210624232727 |
| 007 | cr ||||||||||| |
| 008 | 150407|2008||||xxc|||||o f|0| 0 eng|d |
| 020 | |a978-1-100-10431-7 |
| 040 | |aCaOODSP|beng |
| 043 | |an-cn--- |
| 086 | 1 |aP103-5/2008E-PDF |
| 110 | 1 |aCanada. |bPublic Works and Government Services Canada. |
| 245 | 10|aControlled Goods Program - pre-inspection self-assessment checklist |h[electronic resource] |
| 260 | |aOttawa - Ontario : |bPublic Works and Government Services Canada |cc2008. |
| 300 | |a1p. |
| 590 | |a12-25-Supp|b2012-06-04 |
| 690 | 07|aInspection|2gcpds |
| 775 | 08|tProgramme des marchandises contrôlées - liste de vérification pour auto-évaluation de pré-inspection |w(CaOODSP)9.635673 |
| 856 | 40|ahttp://publications.gc.ca|qPDF|s118 KB|uhttps://publications.gc.ca/collections/collection_2012/tpsgc-pwgsc/P103-5-2008-eng.pdf |